Wessex comprehensive building price book (Record no. 108772)
[ view plain ]
| 000 -LEADER | |
|---|---|
| fixed length control field | 01361cam a22003015a 4500 |
| 001 - CONTROL NUMBER | |
| control field | L145369 |
| 008 - FIXED-LENGTH DATA ELEMENTS--GENERAL INFORMATION | |
| fixed length control field | 081001s2008 xxk f 001 0 eng d |
| 020 ## - INTERNATIONAL STANDARD BOOK NUMBER | |
| International Standard Book Number | 9781904829812 |
| 035 ## - SYSTEM CONTROL NUMBER | |
| System control number | (Sirsi) u145369 |
| 041 0# - LANGUAGE CODE | |
| Language code of text/sound track or separate title | eng |
| 050 04 - LIBRARY OF CONGRESS CALL NUMBER | |
| Classification number | 692.5 $2 18 |
| 110 2# - MAIN ENTRY--CORPORATE NAME | |
| Corporate name or jurisdiction name as entry element | Building Cost Information Service |
| 9 (RLIN) | 1096 |
| 245 00 - TITLE STATEMENT | |
| Title | Wessex comprehensive building price book |
| Remainder of title | minor works, 2009 |
| 250 ## - EDITION STATEMENT | |
| Edition statement | 26th ed. |
| 260 ## - PUBLICATION, DISTRIBUTION, ETC. | |
| Place of publication, distribution, etc. | London |
| Name of publisher, distributor, etc. | BCIS |
| Date of publication, distribution, etc. | 2008 |
| 300 ## - PHYSICAL DESCRIPTION | |
| Extent | multiple pagination |
| Dimensions | 30cm. |
| 520 ## - SUMMARY, ETC. | |
| Summary, etc. | Gives unit rates compiled from over 500 000 price elements. Each unit rate and element has been updated and new materials and specifications have been incorporated where applicable. Includes the latest amendments to professional information, average building prices, town and country planning regulations fees for applications, building regulations prescribed fees etc. and costs limits and allowances. Gives guidance with regard to land fill tax and land decontamination. |
| 520 ## - SUMMARY, ETC. | |
| Summary, etc. | Includes a free download of electronic pricing system. |
| 520 ## - SUMMARY, ETC. | |
| Summary, etc. | Supersedes the 25th ed. (ISBN 978190482959). |
| 520 ## - SUMMARY, ETC. | |
| Summary, etc. | Superseded by 27th edition (ISBN 9781904829935). |
| 521 ## - TARGET AUDIENCE NOTE | |
| Target audience note | Advanced |
| 590 ## - LOCAL NOTE (RLIN) | |
| Local note | KA |
| 651 #4 - SUBJECT ADDED ENTRY--GEOGRAPHIC NAME | |
| Geographic name | United Kingdom |
| Chronological subdivision | |
| 690 ## - LOCAL SUBJECT ADDED ENTRY--TOPICAL TERM (OCLC, RLIN) | |
| Topical term or geographic name as entry element | BUILT ENVIRONMENT-BUILDING COSTS |
| 700 1# - ADDED ENTRY--PERSONAL NAME | |
| Personal name | Barnett, N.P. |
| Relator term | Editor |
| 942 ## - ADDED ENTRY ELEMENTS (KOHA) | |
| Suppress in OPAC | 0 |
| Withdrawn status | Lost status | Source of classification or shelving scheme | Damaged status | Not for loan | Home library | Current library | Shelving location | Date acquired | Cost, normal purchase price | Total Checkouts | Full call number | Barcode | Date last seen | Date last checked out | Copy number | Cost, replacement price | Price effective from | Koha item type |
|---|---|---|---|---|---|---|---|---|---|---|---|---|---|---|---|---|---|---|
| Dewey Decimal Classification | London | London | Basement | 01/10/2008 | 139.00 | 9 | BASEMENT | 30076221 | 06/08/2019 | 27/08/2009 | 4 | 139.00 | 06/08/2019 | Book | ||||
| Missing from bundle | London | London | RICS Boxes | 07/10/2008 | RICS 2008/46 | 30076218 | 06/08/2019 | 1 | 06/08/2019 | Archive |